Normal view
MARC view
- Wenders Wim
Entry Personal Name
001 - CONTROL NUMBER
- control field: 39742
003 - CONTROL NUMBER IDENTIFIER
- control field: IT-RoPau
005 - DATE AND TIME OF LATEST TRANSACTION
- control field: 20151126121123.0
008 - FIXED-LENGTH DATA ELEMENTS
- fixed length control field: 151126|| aca||aabn | a|a d
040 ## - CATALOGING SOURCE
- Original cataloging agency: IT-RoPau
- Transcribing agency: IT-RoPau
100 ## - HEADING--PERSONAL NAME
- Personal name: Wenders Wim
- Relator term: (soggetto)
- Miscellaneous information: Codice Soggetto 2° SPICS: 499
670 ## - SOURCE DATA FOUND
- Source citation: Work cat.: (IT-RoPau)105146: Wenders Wim Codice regista SPICS: 499 39737, STATO DELLE COSE (LO) STATO DELLE COSE (LO) (Rif. Codice opera principale : D3516)